ইতিহাসের দর্শন / (Record no. 27348)
[ view plain ]
| 000 -LEADER | |
|---|---|
| fixed length control field | 00838nam a22002057a 4500 |
| 003 - CONTROL NUMBER IDENTIFIER | |
| control field | BDDh-ASL |
| 005 - DATE AND TIME OF LATEST TRANSACTION | |
| control field | 20231015030745.0 |
| 008 - FIXED-LENGTH DATA ELEMENTS--GENERAL INFORMATION | |
| fixed length control field | 210926s1969 b ||||| |||| 00| 0 b d |
| 040 ## - CATALOGING SOURCE | |
| Transcribing agency | BDDh-ASL |
| 082 ## - DEWEY DECIMAL CLASSIFICATION NUMBER | |
| Classification number | 954.92 |
| Item number | TAI |
| 245 00 - TITLE STATEMENT | |
| Title | ইতিহাসের দর্শন / |
| 246 ## - VARYING FORM OF TITLE | |
| Title proper/short title | Itihaser Darshan |
| 260 ## - PUBLICATION, DISTRIBUTION, ETC. | |
| Place of publication, distribution, etc. | ঢাকা: |
| Name of publisher, distributor, etc. | বাংলা একাডেমি, |
| Date of publication, distribution, etc. | ১৯৬৯। |
| 300 ## - PHYSICAL DESCRIPTION | |
| Extent | ৩২৯ পৃষ্ঠা, : |
| Dimensions | ২২ সে. মি. |
| 504 ## - BIBLIOGRAPHY, ETC. NOTE | |
| Bibliography, etc. note | নিঘন্ট সংযুক্ত । |
| 650 #0 - SUBJECT ADDED ENTRY--TOPICAL TERM | |
| 9 (RLIN) | 4586 |
| Topical term or geographic name entry element | History (ইতিহাস) |
| 650 #0 - SUBJECT ADDED ENTRY--TOPICAL TERM | |
| Topical term or geographic name entry element | Philosophy (দর্শন), philosophy, metaphysics, theory, principle, ethos, doctrine, philosophy, knowledge, তত্ত্ব |
| 9 (RLIN) | 5573 |
| 700 1# - ADDED ENTRY--PERSONAL NAME | |
| 9 (RLIN) | 873 |
| Personal name | তরফদার, মমতাজুর রহমান |
| 942 ## - ADDED ENTRY ELEMENTS (KOHA) | |
| Source of classification or shelving scheme | Dewey Decimal Classification |
| Koha item type | Books |
| Withdrawn status | Lost status | Source of classification or shelving scheme | Damaged status | Not for loan | Collection code | Home library | Current library | Shelving location | Date acquired | Source of acquisition | Total Checkouts | Full call number | Barcode | Date last seen | Copy number | Price effective from | Koha item type | Public note |
|---|---|---|---|---|---|---|---|---|---|---|---|---|---|---|---|---|---|---|
| Dewey Decimal Classification | Non-fiction | Asiatic Society Library | Asiatic Society Library | General Stacks | 11/01/2021 | ASB Collection | 954.92 TAI | 113446 | 11/01/2021 | C-1 | 11/01/2021 | Books | RARE | |||||
| Dewey Decimal Classification | Non-fiction | Asiatic Society Library | Asiatic Society Library | General Stacks | 11/01/2021 | ASB Collection | 954.92 TAI | 113447 | 11/01/2021 | C-2 | 11/01/2021 | Books | RARE | |||||
| Dewey Decimal Classification | Non-fiction | Asiatic Society Library | Asiatic Society Library | General Stacks | 11/01/2021 | ASB Collection | 954.92 TAI | 113448 | 11/01/2021 | C-3 | 11/01/2021 | Books | RARE | |||||
| Dewey Decimal Classification | Non-fiction | Asiatic Society Library | Asiatic Society Library | General Stacks | 01/30/2023 | Donated by Prof. Wakil Ahmed | 954.92 TAI | 118460 | 01/30/2023 | C-4 | 01/30/2023 | Books | RARE | |||||
| Dewey Decimal Classification | Non-fiction | Asiatic Society Library | Asiatic Society Library | General Stacks | 01/30/2023 | Donated by Prof. Wakil Ahmed | 954.92 TAI | 118461 | 01/30/2023 | C-5 | 01/30/2023 | Books | RARE |